LEADER 01181nam0 2200301 i 450 001 UBO2939932 005 20231121125859.0 010 $a8813265034 020 $aIT$b2006-9784 100 $a20160211d2005 ||||0itac50 ba 101 | $aita 102 $ait 181 1$6z01$ai $bxxxe 182 1$6z01$an 200 1 $a˜L'œeconomia delle aziende sanitarie pubbliche$elogiche di gestione e strumenti di analisi dei risultati aziendali$fVincenzo Sforza 210 $aPadova$cCEDAM$d2005 215 $aXVI, 256 p.$d24 cm. 606 $aAziende sanitarie$xControllo di gestione$2FIR$3RMLC380634$9I 676 $a362.1068$9PROBLEMI E SERVIZI DI ASSISTENZA SOCIALE. MALATTIE FISICHE. Gestione$v21 700 1$aSforza$b, Vincenzo$3CFIV177982$4070$0299240 801 3$aIT$bIT-01$c20160211 850 $aIT-FR0017 899 $aBiblioteca umanistica Giorgio Aprea$bFR0017 $eN 912 $aUBO2939932 950 0$aBiblioteca umanistica Giorgio Aprea$d 52MAG 9/1886$e 52DSM0000002195 VMN RS $fA $h20160211$i20160211 977 $a 52 996 $aEconomia delle aziende sanitarie pubbliche$9727542 997 $aUNICAS